Elementi di geografia ad uso delle scuole tecniche, ginnasiali e normali. Volume 3: Asia, Africa, Australia e Polinesia, America, Terre polari : terzo corso

Gespeichert in:
Bibliographische Detailangaben
1. Verfasser: Hugues, Luigi (VerfasserIn)
Format: Buch
Sprache:Italienisch
Erschienen: Torino : Loescher, 1877
Katalog:EDISCO:  Suchergebnis im Bibliothekskatalog
Schulbuchspezifische Eigenschaften:
Schlagworte:
Tags: Tag hinzufügen
Keine Tags, Fügen Sie den ersten Tag hinzu!
Hinzugefügt zu:30.04.2016
Geändert in:20.05.2019

MARC

LEADER 00000aam a22000007 4500
001 07459
003 OSt
005 20190520112137.0
008 160501s it 000 0 ita
999 |c 7448  |d 7448 
040 |c Gianfranco Bandini - Firenze - CLIO 
041 1 |a ita 
100 1 |a Hugues, Luigi  |e Author  |9 1752 
245 0 0 |a Elementi di geografia ad uso delle scuole tecniche, ginnasiali e normali. Volume 3: Asia, Africa, Australia e Polinesia, America, Terre polari : terzo corso /   |c per Luigi Hugues 
260 |a Torino :  |b Loescher,  |c 1877 
300 |a 222 p. ;   |c 21 cm. 
500 |a Vol. 3 
546 |a ita 
650 |a Geografia  |9 150 
655 |a Manuale  |9 29 
690 |a Secondaria superiore  |x Istituto tecnico  |9 1753 
901 |a 7 
942 |2 ddc  |c BK 
999 |c edisco:7448  |d 7448